Les UE au DCG - Statistiques

Statistiques générales
  • Ce quiz a été pris 59 fois
  • Le résultat moyen est 8 sur 13
Statistiques - réponses
Ordre de l'UE Réponse % Correct
10 Comptabilité approfondie
83%
2 Droit des sociétés et des groupement d'affaires
81%
4 Droit fiscal
81%
3 Droit social
81%
7 Management
79%
12 Anglais des affaires
75%
11 Contrôle de gestion
69%
1 Fondamentaux du droit
60%
6 Finance d'entreprise
58%
8 Système d'information et de gestion
56%
5 Economie contemporaine
54%
13 Communication professionnelle
44%
9 Comptabilité fondamentale
15%
Aucun quiz correspondant
Distribution des résultats
% des personnes avec chaque résultat
Percentile par nombre de réponses
Votre historique - résultats
Vous n’avez pas pris ce quiz